Statistics for Chicago Bears Head Coaches by Picture

Click here to take the quiz!

General Stats

  • This quiz has been taken 18 times
  • The average score is 6 of 17

Answer Stats

Answer% Correct
Mike Ditka
100%
Lovie Smith
87%
George Halas
80%
Matt Nagy
73%
John Fox
67%
Matt Eberflus
60%
Marc Trestman
27%
Dick Jauron
20%
Abe Gibron
13%
Dave Wannstedt
13%
Jack Pardee
7%
Jim Dooley
7%
Hunk Anderson
0%
Luke Johnsos
0%
Neill Armstrong
0%
Paddy Driscoll
0%
Ralph Jones
0%

Score Distribution

Percentile by Number Answered

Percent of People with Each Score

Your Score History

You have not taken this quiz